[Event "R3R6 Loures Barousse  / Muret 3"]
[Site "Loures Barousse"]
[Date "2002.12.08"]
[Round "3.2"]
[White "Mas, Jean-louis"]
[Black "Condeminas, Christian"]
[Result "0-1"]
[WhiteElo "1380"]
[BlackElo "1690"]
[EventDate "2002.??.??"]
[PlyCount "70"]

1.d4 Nf6 2.c4 c5 3.d5 b5 4.cxb5 a6 5.Nc3 axb5 6.b3 b4 7.Na4 d6 8.Bb2 Ba6 
9.Bxf6 exf6 10.g3 g6 11.Bg2 f5 12.e3 Nd7 13.Ne2 Bg7 14.Rc1 Bb5 15.Qd2 Bxa4
16.bxa4 Rxa4 17.O-O O-O 18.Rc4 Qa5 19.Rb1 Rxa2 20.Qd3 Ne5 21.Qb3 Rxe2 22.
Bf1 Nxc4 23.Qxc4 Rb2 24.Rxb2 Bxb2 25.Qb3 Qa3 26.Bc4 Qxb3 27.Bxb3 Rc8 28.
Bc4 Ra8 29.Kf1 Ra3 30.Ke2 Rc3 31.Ba2 b3 32.Bb1 c4 33.Kd2 Rc1 34.Bd3 cxd3 
35.Kxd3 Ba3 0-1

[Event "R5"]
[Site "?"]
[Date "2002.12.08"]
[Round "3"]
[White "Boulogne, Laurent"]
[Black "Auge, Jean"]
[Result "0-1"]
[WhiteElo "1670"]
[BlackElo "1960"]
[EventDate "2002.??.??"]
[Annotator "Ste-Foyd'A-Montech"]
[PlyCount "96"]

1.c4 e5 2.g3 f5 3.Bg2 Nf6 4.Nc3 c6 5.Nf3 e4 6.Nd4 d6 7.O-O c5 8.Ndb5 a6 9.
Qa4 Bd7 10.Nxe4 fxe4 11.Qa3 Nc6 12.Nc3 Nd4 13.Nxe4 Nxe4 14.Bxe4 Bc6 15.Qd3
Qe7 16.Bxc6+ Nxc6 17.f4 Qf6 18.Qf3 Qd4+ 19.Qe3+ Be7 20.Rb1 Qxc4 21.b3 Qd4 
22.Qxd4 Nxd4 23.Bb2 Nxe2+ 24.Kf2 Nd4 25.Bxd4 cxd4 26.Rbc1 Kd7 27.Rc4 d5 
28.Rc2 Rac8 29.Rfc1 Rxc2 30.Rxc2 Rc8 31.Rxc8 Kxc8 32.d3 Kc7 33.Kf3 b5 34.
Kg4 b4 35.h4 Kd6 36.h5 Ke6 37.Kf3 Bd6 38.g4 Kf6 39.Kg3 g5 40.hxg6 hxg6 41.
Kf3 Bc7 42.f5 gxf5 43.gxf5 Kxf5 44.Kf2 Kf4 45.Ke2 Bd8 46.Kf2 Bh4+ 47.Ke2 
a5 48.Kd2 Kf3 0-1

[Event "R5"]
[Site "?"]
[Date "2002.12.08"]
[Round "3"]
[White "CHORAZY, Andre"]
[Black "DIRAT, Sylvain"]
[Result "1/2-1/2"]
[WhiteElo "1770"]
[BlackElo "1770"]
[EventDate "2002.??.??"]
[Annotator "Castelmoissac1-Millau"]
[PlyCount "74"]

1.Nf3 d5 2.d4 Bf5 3.c4 dxc4 4.Nc3 Nf6 5.Qa4+ Nc6 6.e3 e6 7.Ne5 Qd6 8.Nxc6 
Qxc6 9.Bxc4 Qxa4 10.Nxa4 Bb4+ 11.Nc3 Ne4 12.Bd2 Nxd2 13.Kxd2 O-O 14.a3 
Bxc3+ 15.bxc3 Rfd8 16.f3 e5 17.e4 Bg6 18.d5 c6 19.a4 a6 20.Ke3 b5 21.axb5 
cxb5 22.Bb3 f5 23.d6+ Kf8 24.Rhd1 f4+ 25.Ke2 h5 26.Bd5 Ra7 27.Be6 Bf7 28.
Bxf7 Kxf7 29.Rd5 Ke6 30.Rxb5 Rxd6 31.Rc5 Kf6 32.Raa5 Re6 33.c4 Rb7 34.Ra2 
Rb4 35.Kd2 Reb6 36.Rc2 g5 37.Kd3 Rb3+ 1/2-1/2

[Event "R5"]
[Site "?"]
[Date "2002.12.08"]
[Round "3"]
[White "VAINGUER, Guillaume"]
[Black "CROUX, Laurent"]
[Result "1-0"]
[WhiteElo "1630"]
[BlackElo "1710"]
[EventDate "2002.??.??"]
[Annotator "Castelmoissac1-Millau"]
[PlyCount "63"]

1.d4 Nf6 2.c4 e6 3.Nc3 d5 4.Bg5 Nbd7 5.e3 c6 6.Nf3 Qa5 7.a3 Qc7 8.Qc2 e5 
9.Bxf6 gxf6 10.Nd2 Bh6 11.Rc1 dxc4 12.dxe5 Nxe5 13.Nxc4 Bg4 14.Ne4 O-O-O 
15.Nxf6 Be6 16.Ne4 f5 17.Nc5 Bxc4 18.Bxc4 Qa5+ 19.b4 Qxa3 20.O-O Nxc4 21.
Qxf5+ Kb8 22.Rxc4 b6 23.Ne6 Rde8 24.Qe5+ Kb7 25.Qc7+ Ka6 26.Qxc6 Rxe6 27.
Qxe6 Bf8 28.Qe5 Rg8 29.Ra1 Qxa1+ 30.Qxa1+ Kb5 31.Qf1 Bxb4 32.Rg4+ 1-0

[Event "R6R3 Cate 2 / Ramonville 3"]
[Site "Rodez"]
[Date "2002.12.08"]
[Round "3.1"]
[White "GRIHON, Stephane"]
[Black "RAYNAUD, Pascal"]
[Result "0-1"]
[WhiteElo "1480"]
[BlackElo "1540"]
[PlyCount "59"]

1.d4 Nf6 2.c4 d6 3.Nc3 Nbd7 4.e4 e5 5.f4 exd4 6.Qxd4 Qe7 7.Nf3 Nc5 8.Bd3 
Bf5 9.O-O Ne6 10.Qf2 Bg4 11.Be3 Bxf3 12.Qxf3 c6 13.b4 Qc7 14.f5 Nd8 15.Bd4
Be7 16.Rae1 O-O 17.e5 dxe5 18.Bxe5 Qb6+ 19.Kh1 Qxb4 20.Ne4 Nxe4 21.Rxe4 f6
22.c5 Qxc5 23.Bd4 Qd6 24.Qh5 c5 25.Bc4+ Nf7 26.Rh4 h6 27.Be3 Kh7 28.Bxf7 
Rxf7 29.Qxf7 Rf8 30.Rxh6# 0-1

[Event "R5"]
[Site "?"]
[Date "2002.12.08"]
[Round "3"]
[White "Jourda, Dominique"]
[Black "Rigal, Samy"]
[Result "1-0"]
[WhiteElo "1430"]
[BlackElo "1510"]
[EventDate "2002.??.??"]
[Annotator "Montauban-CEIT"]
[PlyCount "39"]

1.e4 e5 2.Nf3 Nc6 3.d4 exd4 4.Nxd4 Nxd4 5.Qxd4 Nf6 6.Bg5 Be7 7.Bd3 h6 8.
Bh4 d6 9.O-O Nd7 10.Bxe7 Qxe7 11.Qxg7 Rf8 12.Qxh6 Qe5 13.Qd2 Qxb2 14.Nc3 
Qb6 15.Nd5 Qc5 16.Qg5 f6 17.Qg6+ Rf7 18.Qg8+ Rf8 19.Qe6+ Kd8 20.Qe7# 1-0

[Event "R6R3 Tournefeuille 3 / Ramonville"]
[Site "Tournefeuille"]
[Date "2002.12.08"]
[Round "3.4"]
[White "TRANIER, Maxime"]
[Black "TARAVAUD, Evelyne"]
[Result "0-1"]
[WhiteElo "1100"]
[BlackElo "1370"]
[PlyCount "68"]

1.d4 f5 2.c4 Nf6 3.e3 g6 4.Nf3 Bg7 5.Nc3 d6 6.c5 d5 7.Qb3 c6 8.Ne5 O-O 9.
Bd3 Nbd7 10.O-O Kh8 11.f3 Nxe5 12.dxe5 Nd7 13.e4 Nxc5 14.Qc2 Bxe5 15.exd5 
cxd5 16.Bh6 Rf7 17.f4 Bd4+ 18.Kh1 b6 19.Rae1 Bb7 20.Bb5 Rc8 21.Rd1 Bf6 22.
Rxd5 Bxd5 23.Qd2 e6 24.Qf2 Ne4 25.Qc2 Nxc3 26.Ba6 Rcc7 27.Re1 Ne4 28.Qa4 
Nf2+ 29.Kg1 Ng4 30.Bg5 Qe7 31.h3 Qc5+ 32.Kh1 Bxg2+ 33.Kxg2 Qf2+ 34.Kh1 
Qh2# 0-1

[Event "R5"]
[Site "?"]
[Date "2002.12.08"]
[Round "3"]
[White "FUMENIER, Thierry"]
[Black "BACHKAT, Ali"]
[Result "0-1"]
[WhiteElo "1670"]
[BlackElo "1650"]
[EventDate "2002.??.??"]
[Annotator "Montauban-CEIT"]
[PlyCount "106"]

1.b3 e5 2.Bb2 Nc6 3.e3 d5 4.Bb5 Ne7 5.Bxe5 a6 6.Bxc6+ Nxc6 7.Bb2 Bf5 8.Nf3
f6 9.O-O Qd7 10.d3 O-O-O 11.Nbd2 Bd6 12.a3 Rde8 13.b4 h5 14.Re1 h4 15.e4 
dxe4 16.dxe4 Bg4 17.c4 Ne5 18.Bxe5 Bxe5 19.Rb1 Bc3 20.Re2 Rd8 21.Qc2 Be5 
22.Nxe5 fxe5 23.f3 Qd4+ 24.Kh1 Bh5 25.Nb3 Qd3 26.Qxd3 Rxd3 27.h3 Rc3 28.c5
Bf7 29.Reb2 Rd8 30.a4 Rdd3 31.Nd2 Ra3 32.a5 Ba2 33.Ra1 Be6 34.Rxa3 Rxa3 
35.Kg1 Kd7 36.Kf2 Kc6 37.Ke2 Kb5 38.Nb1 Rb3 39.Rxb3 Bxb3 40.Nc3+ Kxb4 41.
c6 bxc6 42.Nb1 c5 43.Ke3 c4 44.Kd2 Kxa5 45.Nc3 c6 46.Ne2 Kb4 47.f4 exf4 
48.e5 Kc5 49.Nc3 a5 50.Ke2 a4 51.Kf3 a3 52.Kxf4 a2 53.Nxa2 Bxa2 0-1

[Event "R5"]
[Site "?"]
[Date "2002.12.08"]
[Round "3"]
[White "Galby, Vassili"]
[Black "Truong, Thierry"]
[Result "0-1"]
[WhiteElo "1299"]
[BlackElo "1380"]
[EventDate "2002.??.??"]
[Annotator "Ste-Foyd'A-Montech"]
[PlyCount "108"]

1.e4 c5 2.Nf3 Nc6 3.d4 e6 4.Nc3 a6 5.Be3 Qb6 6.b3 d6 7.d5 Ne5 8.Nxe5 dxe5 
9.Rb1 exd5 10.Qxd5 Qd6 11.Qc4 b5 12.Qd5 Qxd5 13.Nxd5 Ra7 14.Be2 Be6 15.O-O
Bxd5 16.exd5 Bd6 17.Bd3 Nf6 18.c4 b4 19.Rfe1 O-O 20.Bg5 Ne8 21.Re4 h6 22.
Bh4 f5 23.Re2 g5 24.Bxf5 Rxf5 25.Bg3 Nf6 26.h3 Rd7 27.Bh2 h5 28.f3 g4 29.
Rf1 gxf3 30.Rxf3 Rxf3 31.gxf3 Rg7+ 32.Kf2 h4 33.Bxe5 Bxe5 34.Rxe5 Kf7 35.
Ke3 Rg8 36.Kf4 Rg2 37.Re6 Nh5+ 38.Kf5 Ng7+ 39.Ke5 Nxe6 40.dxe6+ Ke7 41.Kd5
Rg5+ 42.Kc6 Kxe6 43.Kb6 Rg3 44.Kxc5 Rxh3 45.Kb6 Rxf3 46.c5 Kd7 47.Kb7 Rc3 
48.Kxa6 Rxc5 49.a3 bxa3 50.b4 Rc6+ 51.Ka7 a2 52.b5 Rc7+ 53.Kb8 a1=Q 54.b6 
Rc8+ 0-1

[Event "R6R3 Foix / Luchon"]
[Site "Foix"]
[Date "2002.12.08"]
[Round "3.1"]
[White "LANLLIER, Bruno"]
[Black "GALES, Jacques"]
[Result "1-0"]
[WhiteElo "1890"]
[BlackElo "1499"]
[PlyCount "119"]

1.d4 f5 2.g3 e6 3.Bg2 Nf6 4.c4 d6 5.Nc3 Be7 6.Nh3 h6 7.O-O Nbd7 8.Nf4 Nf8 
9.Qb3 c6 10.Rd1 Bd7 11.Nd3 Qc7 12.c5 Ng6 13.cxd6 Bxd6 14.e4 fxe4 15.Nxe4 
O-O 16.Bd2 a5 17.Ndc5 Bxc5 18.Nxc5 Nd5 19.Qxb7 Qxb7 20.Nxb7 Rfb8 21.Nc5 
Bc8 22.b3 Nb4 23.Bxb4 axb4 24.Bxc6 Ra5 25.Re1 e5 26.Be4 Ne7 27.Bd3 Nc6 28.
Bc4+ Kh7 29.Nd3 Nxd4 30.Red1 Bg4 31.f3 Bxf3 32.Rd2 e4 33.Nxb4 Rxb4 34.Rxd4
Re5 35.Kf2 Bg4 36.Ke3 Rb8 37.Rxe4 Rxe4+ 38.Kxe4 Rf8 39.Ke3 Re8+ 40.Kd2 Kg6
41.Rf1 Be6 42.Re1 Rd8+ 43.Kc3 Bxc4 44.bxc4 Kg5 45.Rf1 Ra8 46.Rf2 Kg4 47.c5
Ra6 48.Kb4 Ra8 49.c6 g5 50.Kb5 Kh5 51.c7 Kg4 52.Kb6 Rc8 53.Kb7 Rxc7+ 54.
Kxc7 Kh3 55.Rf6 h5 56.Rh6 Kg4 57.a4 Kh3 58.Rxh5+ Kg4 59.Rxg5+ Kxg5 60.a5 
1-0

[Event "R6R3 Cahors 2 / Albi 2"]
[Site "Cahors"]
[Date "2002.12.08"]
[Round "3.2"]
[White "GRONDIN, Luciano"]
[Black "MONTREUILLE, Pierre"]
[Result "1/2-1/2"]
[WhiteElo "1340"]
[BlackElo "1550"]
[PlyCount "114"]

1.c4 c5 2.Nc3 Nc6 3.e3 e5 4.Nge2 Nf6 5.Ng3 d5 6.cxd5 Nxd5 7.Nxd5 Qxd5 8.
Qc2 a6 9.a3 g6 10.Qc4 Be6 11.Qxd5 Bxd5 12.f3 f5 13.Ne2 O-O-O 14.Nc3 Bb3 
15.g3 Bg7 16.Bh3 Be6 17.O-O Na5 18.Rb1 Rd3 19.b4 Nb3 20.Rf2 Rhd8 21.bxc5 
Nxc5 22.g4 Nb3 23.Rxb3 Bxb3 24.gxf5 Kb8 25.Rg2 e4 26.Nxe4 Rc8 27.Nc3 Bxc3 
28.dxc3 Rd1+ 29.Kf2 Rxc1 30.fxg6 Rc2+ 31.Kg1 Rxg2+ 32.Kxg2 Rg8 33.Kf2 Rxg6
34.Bf5 Rh6 35.Kg3 Kc7 36.h4 Rc6 37.Bxh7 Rxc3 38.Kf4 Bd1 39.h5 Rc6 40.Be4 
Rf6+ 41.Kg5 Rf8 42.f4 Rh8 43.h6 b5 44.Kg6 Re8 45.h7 a5 46.Kg7 Re7+ 47.Kf6 
Re8 48.Bg6 Rd8 49.Kg7 Rd7+ 50.Bf7 Rd8 51.h8=Q Rxh8 52.Kxh8 Bc2 53.Kg7 Kd6 
54.Kf6 b4 55.axb4 axb4 56.f5 b3 57.Bxb3 Bxb3 1/2-1/2

[Event "R5"]
[Site "?"]
[Date "2002.12.08"]
[Round "3"]
[White "Lacroix, Romain"]
[Black "Carriere, Jean-Philippe"]
[Result "1/2-1/2"]
[WhiteElo "1840"]
[BlackElo "1870"]
[EventDate "2002.??.??"]
[Annotator "Castelmoissac1-Millau"]
[PlyCount "81"]

1.e4 d6 2.d4 Nf6 3.Nc3 g6 4.f4 Bg7 5.Be3 O-O 6.Nf3 c6 7.Bd3 Nbd7 8.Qd2 Ng4
9.Bg1 c5 10.h3 cxd4 11.Nxd4 Ngf6 12.Be3 Nc5 13.Nb3 Nxd3+ 14.Qxd3 b6 15.
O-O-O Bb7 16.Rhg1 a5 17.Nd4 Nd7 18.Nde2 Nc5 19.Bxc5 bxc5 20.Nd5 Ba6 21.c4 
Rb8 22.Rd2 e5 23.g3 f5 24.Nec3 Rb7 25.Re1 Qd7 26.b3 fxe4 27.Nxe4 a4 28.Kc2
Kh8 29.Rb1 Rd8 30.Ndc3 axb3+ 31.axb3 Rb6 32.Nxc5 Qxh3 33.Ra1 Bb7 34.Nxb7 
Rxb7 35.Ra6 Rbd7 36.Ne4 d5 37.cxd5 exf4 38.gxf4 Rc8+ 39.Kb1 Qh1+ 40.Rd1 
Qh2 41.Qd2 1/2-1/2

[Event "R6R3 Condom 3 / Albi 3"]
[Site "Condom"]
[Date "2002.12.08"]
[Round "3.3"]
[White "MASSERY, Renaud"]
[Black "MARTINEZ, Loic"]
[Result "1-0"]
[WhiteElo "1450"]
[BlackElo "1290"]
[PlyCount "75"]

1.e4 e5 2.Nf3 Nc6 3.Bc4 Bc5 4.c3 Qf6 5.d3 h6 6.O-O Nge7 7.Bb3 d6 8.h3 O-O 
9.Re1 b6 10.Bc2 a5 11.Be3 Bxe3 12.Rxe3 Rd8 13.d4 d5 14.dxe5 Nxe5 15.Nxe5 
Qxe5 16.Qd3 d4 17.cxd4 Rxd4 18.Qe2 Ba6 19.Qf3 Rf8 20.Nc3 c6 21.Bb3 Bc4 22.
Bxc4 Rxc4 23.Rd3 f5 24.Qh5 Rc5 25.Re1 Nd5 26.Nxd5 cxd5 27.Rb3 b5 28.Qe2 
dxe4 29.f3 Re8 30.Re3 Rc4 31.b3 Rd4 32.Qc2 Qd5 33.fxe4 fxe4 34.R1e2 Rd1+ 
35.Kh2 Qd6+ 36.g3 Rd3 37.Rxd3 Qxd3 38.Qxd3 1-0

[Event "R6R3 Condom 3 / Albi 3"]
[Site "Condom"]
[Date "2002.12.08"]
[Round "3.4"]
[White "MARTINEZ, Christian"]
[Black "DARGAGNON, Sylvain"]
[Result "1/2-1/2"]
[WhiteElo "1180"]
[BlackElo "1470"]
[PlyCount "171"]

1.e4 e5 2.Nf3 Nc6 3.Bc4 Bc5 4.c3 h6 5.O-O Nf6 6.Re1 O-O 7.d4 exd4 8.cxd4 
Bb6 9.d5 Ne7 10.Nc3 d6 11.Na4 Ba5 12.Nc3 a6 13.Be3 b5 14.e5 dxe5 15.Nxe5 
bxc4 16.Bc5 Re8 17.Bxe7 Rxe7 18.Nc6 Rxe1+ 19.Qxe1 Bxc3 20.bxc3 Qe8 21.Ne7+
Kf8 22.Nc6 Qxe1+ 23.Rxe1 Bd7 24.Ne5 Rd8 25.Nxc4 Re8 26.Rd1 Bb5 27.Ne3 Ne4 
28.c4 Ba4 29.Rc1 Rb8 30.f3 Nf6 31.c5 Rd8 32.Rc4 Bb5 33.Rd4 Bd7 34.Rc4 c6 
35.d6 Nd5 36.Nc2 Rb8 37.Na3 Rb4 38.Re4 Rxe4 39.fxe4 Nc3 40.e5 Nxa2 41.Nc4 
Ke8 42.Kf2 Nc3 43.Ke3 Nd5+ 44.Kf3 f6 45.h4 f5 46.g3 Be6 47.Na5 Kd7 48.Nc4 
g5 49.hxg5 hxg5 50.Na5 g4+ 51.Kf2 Nc3 52.Ke3 Nd5+ 53.Kf2 f4 54.Nb7 f3 55.
Na5 Nc3 56.Ke3 Na4 57.Nb7 Bc4 58.Kf2 Nb2 59.Ke1 Nd3+ 60.Kf1 Nxe5+ 61.Kg1 
Nd3 62.Na5 Bb5 63.Nb3 f2+ 64.Kg2 Ne1+ 65.Kxf2 Nf3 66.Ke3 Bc4 67.Na5 Be6 
68.Ke2 Ne5 69.Ke3 Nc4+ 70.Nxc4 Bxc4 71.Kd4 Be6 72.Kc3 a5 73.Kb2 Bc4 74.Ka3
Bb5 75.Kb2 Ke6 76.Ka3 Ba6 77.Ka4 Bc8 78.Kxa5 Kd5 79.Kb6 Bd7 80.Kc7 Ke6 81.
Kb6 Kf7 82.Kc7 Ke8 83.Kb6 Kd8 84.Ka6 Kc8 85.Kb6 Kb8 86.Ka6 1/2-1/2

[Event "R6R3 Tournefeuille 3 / Ramonville"]
[Site "Tournefeuille"]
[Date "2002.12.08"]
[Round "3.1"]
[White "GUESDON, Joel"]
[Black "RIZZO, Carlo"]
[Result "1-0"]
[WhiteElo "1770"]
[BlackElo "1580"]
[PlyCount "103"]

1.c4 Nf6 2.Nc3 g6 3.d4 Bg7 4.Nf3 O-O 5.e4 d6 6.Be2 Nbd7 7.Bg5 h6 8.Bd2 e5 
9.dxe5 dxe5 10.Qc2 c6 11.Rd1 Qc7 12.b4 a6 13.O-O Ne8 14.Nh4 Qd8 15.g3 Qe7 
16.Qb3 Ndf6 17.Be3 Nd7 18.c5 Ndf6 19.Nxg6 Qe6 20.Qxe6 Bxe6 21.Nxf8 Kxf8 
22.Kg2 Ng4 23.Bc1 f5 24.Bxg4 fxg4 25.Bd2 Ke7 26.a3 Rd8 27.Be3 Bc4 28.Rh1 
Rxd1 29.Rxd1 Bb3 30.Rd2 Nf6 31.h3 Be6 32.h4 Bf7 33.Kf1 Bg6 34.Rd6 Bf8 35.
Ke2 Kf7 36.Rd8 Bxe4 37.Nxe4 Nxe4 38.Rd7+ Ke6 39.Rxb7 Nc3+ 40.Kd3 Nb5 41.
Rb6 Kd5 42.Rxa6 e4+ 43.Kc2 Bg7 44.Ra8 Nd4+ 45.Kd1 Ne6 46.Rg8 h5 47.a4 Bc3 
48.Bd2 Bxd2 49.Kxd2 Kc4 50.a5 Kb5 51.Rb8+ Ka6 52.Rb6+ 1-0

[Event "R6R3 Condom 3 / Albi 3"]
[Site "Condom"]
[Date "2002.12.08"]
[Round "3.1"]
[White "CALATRAVA, Julian"]
[Black "MARTINEZ, Denis"]
[Result "1-0"]
[WhiteElo "1740"]
[BlackElo "1450"]
[PlyCount "47"]

1.e4 {0} 1...e5 2.Nf3 Nc6 3.Bb5 a6 4.Ba4 Nf6 5.O-O Bc5 6.c3 b5 7.Bb3 h6 8.
d4 exd4 9.cxd4 Be7 10.Re1 d6 11.h3 O-O 12.Nbd2 Bb7 13.Nf1 d5 14.e5 Ne4 15.
Ne3 Bb4 16.Re2 Ne7 17.Nh2 c6 18.Bc2 Ng5 19.Neg4 Ng6 20.e6 Qc7 21.exf7+ 
Qxf7 22.Bxg5 hxg5 23.Qd3 Nf4 24.Qh7# 1-0

[Event "R5"]
[Site "?"]
[Date "2002.12.08"]
[Round "3"]
[White "SAUTY, Francis"]
[Black "DELIOT, Philippe"]
[Result "1/2-1/2"]
[WhiteElo "1270"]
[BlackElo "1300"]
[EventDate "2002.??.??"]
[Annotator "Ste-Foyd'A-Montech"]
[PlyCount "40"]

1.d4 d5 2.c4 c6 3.Nc3 Nf6 4.Nf3 Bf5 5.e3 e6 6.Be2 Nbd7 7.O-O b6 8.a3 a5 9.
cxd5 cxd5 10.Bd3 Bg4 11.Bd2 Bd6 12.Nb5 Qb8 13.Be2 Bxf3 14.Nxd6+ Qxd6 15.
Bxf3 O-O 16.Rc1 Ne4 17.Bxe4 dxe4 18.Bc3 Qd5 19.Qe2 Rfc8 20.Rc2 Rc6 1/2-1/2

[Event "R5"]
[Site "?"]
[Date "2002.12.08"]
[Round "3"]
[White "Gayraud, Christian"]
[Black "Artis, Paul"]
[Result "0-1"]
[WhiteElo "1530"]
[BlackElo "1440"]
[EventDate "2002.??.??"]
[Annotator "Blayes-Colomiers"]
[PlyCount "130"]

1.e4 c6 2.d4 d5 3.exd5 cxd5 4.c4 Nf6 5.cxd5 Nxd5 6.Bc4 e6 7.Nf3 Nc6 8.O-O 
Be7 9.Nc3 Nb6 10.Bb5 O-O 11.Bd3 a6 12.a3 Nd5 13.Re1 Bf6 14.Be3 Nxe3 15.
fxe3 b5 16.Rc1 Ne7 17.Ne4 Nd5 18.Nxf6+ Nxf6 19.e4 Bb7 20.Qe2 Qb6 21.Rf1 e5
22.Rc5 Rfe8 23.Rfc1 exd4 24.Ne5 Rac8 25.Rxc8 Rxc8 26.Rf1 Qe6 27.Nf3 Nxe4 
28.Nxd4 Qb6 29.Qe3 Nf6 30.Nf5 Qxe3+ 31.Nxe3 Re8 32.Nf5 Be4 33.Bxe4 Rxe4 
34.Nd6 Re6 35.Rc1 g6 36.Rd1 Kg7 37.h3 Re2 38.b4 Ra2 39.Rd3 Nh5 40.Rf3 f5 
41.g4 fxg4 42.Rf7+ Kh6 43.hxg4 Ng3 44.Rf3 Ne2+ 45.Kf1 Kg5 46.Rf2 Ng3+ 47.
Kg2 Rxf2+ 48.Kxf2 Kxg4 49.Ne8 h5 50.Nc7 Ne4+ 51.Kg2 h4 52.Nxa6 h3+ 53.Kh2 
Nd2 54.Nc7 Nf1+ 55.Kh1 Kg3 56.Nxb5 h2 57.Nd4 Kh3 58.Ne2 g5 59.b5 g4 60.b6 
g3 61.Nf4+ Kg4 62.Ng2 Nd2 63.b7 Ne4 64.Ne3+ Kh3 65.Nd1 g2# 0-1

[Event "R6R3 Foix / Luchon"]
[Site "Foix"]
[Date "2002.12.08"]
[Round "3.3"]
[White "CARINOLA, Raphael"]
[Black "PERCIE DU SERT, Maxime"]
[Result "1-0"]
[WhiteElo "2500"]
[BlackElo "2500"]
[PlyCount "74"]

1.Nf3 Nc6 2.d4 d5 3.c4 dxc4 4.e3 b5 5.a4 a6 6.axb5 axb5 7.Rxa8 f6 8.b3 e5 
9.bxc4 bxc4 10.Bxc4 Nge7 11.Ba3 Qd7 12.Bxe7 Bxe7 13.O-O exd4 14.Nxd4 Nxd4 
15.Qxd4 c5 16.Qxd7+ Kxd7 17.Rd1+ Kc7 18.Ra7+ Bb7 19.Rxb7+ Kxb7 20.Rd7+ Kc8
21.Rxe7 Rd8 22.Nc3 Rd2 23.g3 Rc2 24.Be6+ Kd8 25.Rd7+ Kc8 26.Rd2+ Kc7 27.
Rxc2 Kd6 28.Bg8 Kc6 29.Bxh7 Kb6 30.Ne4 Kc6 31.Rxc5+ Kd7 32.Bf5+ Ke7 33.Kf1
Kf7 34.h4 g6 35.Bc8 f5 36.Bxf5 Kg7 37.Bxg6 Kxg6 1-0

[Event "R6R3 Foix / Luchon"]
[Site "Foix"]
[Date "2002.12.08"]
[Round "3.2"]
[White "LLOVERAS, Jean-jacques"]
[Black "MASOT, Liberto"]
[Result "0-1"]
[WhiteElo "1499"]
[BlackElo "1790"]
[PlyCount "22"]

1.c4 Nf6 2.Nc3 d6 3.d4 Bf5 4.e3 Nc6 5.Bd3 Qd7 6.a3 e5 7.Bxf5 Qxf5 8.Nh3 g5
9.Qf3 Qg6 10.Qg3 g4 11.Ng1 Nh5 0-1

[Event "R6R3  Ste Foy 2 / Muret 4"]
[Site "Ste Foy"]
[Date "2002.12.08"]
[Round "3.3"]
[White "BOULOGNE, Karine"]
[Black "SACAREAU, Elodie"]
[Result "0-1"]
[WhiteElo "1199"]
[BlackElo "1199"]
[PlyCount "70"]

1.d4 d5 2.c4 c6 3.Nc3 Nf6 4.Nf3 Bf5 5.Qa4 e6 6.e3 Bd6 7.c5 Be7 8.Nh4 O-O 
9.Be2 h6 10.O-O a6 11.Bd2 b5 12.Qb3 a5 13.Nd1 Ne4 14.Be1 a4 15.Qb4 Na6 16.
Qa5 Qc8 17.f3 Nf6 18.b3 Bd8 19.Nxf5 Bxa5 20.Bxa5 exf5 21.Bd3 Nc7 22.e4 
fxe4 23.fxe4 Rxa5 24.e5 Ng4 25.b4 Ra8 26.Nf2 Ne3 27.Rfe1 Nf5 28.Re2 Ne6 
29.Bxf5 Qe8 30.Rae1 Qe7 31.Re3 Nxd4 32.Rh3 Nxf5 33.Ng4 Qg5 34.Nf2 Nh4 35.
Re2 Qxg2# 0-1

[Event "R6R3 Tournefeuille 3 / Ramonville"]
[Site "Tournefeuille"]
[Date "2002.12.08"]
[Round "3.3"]
[White "PINAULT, Ronan"]
[Black "PAUL, Louis"]
[Result "1-0"]
[WhiteElo "1550"]
[BlackElo "1180"]
[PlyCount "117"]

1.Nf3 c5 2.c4 Nc6 3.Nc3 Nf6 4.d3 g6 5.g3 Bg7 6.Bg2 O-O 7.O-O d6 8.Bg5 Bg4 
9.Qd2 Bxf3 10.Bxf3 Nd4 11.Bxb7 Rb8 12.Bg2 Ng4 13.Rab1 Re8 14.Nd5 Qd7 15.
Bh3 Rb7 16.f3 f5 17.fxg4 fxg4 18.Bg2 Rbb8 19.Rf2 e6 20.Nf6+ Bxf6 21.Rxf6 
Rf8 22.Rxf8+ Rxf8 23.Rf1 e5 24.Bd5+ Ne6 25.Rxf8+ Kxf8 26.Bxe6 Qxe6 27.Bh6+
Kg8 28.Qg5 Qe8 29.Qxg4 Qd8 30.Qe6+ Kh8 31.Qf7 Qg8 32.Qxg8+ Kxg8 33.Bg5 Kf7
34.Kf2 Ke6 35.Ke3 d5 36.cxd5+ Kxd5 37.Be7 c4 38.dxc4+ Kxc4 39.Ke4 h5 40.
Kxe5 a5 41.Kf6 Kd4 42.Kxg6 Ke3 43.Kxh5 Kxe2 44.g4 Kf2 45.g5 Kg2 46.g6 Kxh2
47.g7 Kg2 48.g8=Q+ Kf2 49.Qb3 a4 50.Qc3 Ke2 51.Kg4 Kf2 52.Kf4 Ke2 53.Bc5 
Kf1 54.Qd3+ Ke1 55.Bb4+ Kf2 56.Qf3+ Kg1 57.Bc5+ Kh2 58.Qg3+ Kh1 59.Qg1# 
1-0

[Event "R5"]
[Site "?"]
[Date "2002.12.08"]
[Round "3"]
[White "Prieur, Axel"]
[Black "Clavignac, M."]
[Result "0-1"]
[WhiteElo "1630"]
[BlackElo "1560"]
[EventDate "2002.??.??"]
[Annotator "Castelmoissac1-Millau"]
[PlyCount "94"]

1.e4 e5 2.Nf3 d6 3.Nc3 Nf6 4.d3 c6 5.Bg5 Be7 6.Be2 Be6 7.O-O O-O 8.Nd2 d5 
9.f4 exf4 10.Rxf4 Qb6+ 11.Kh1 Qxb2 12.Na4 Qe5 13.Nf3 Qc7 14.e5 Ng4 15.Kg1 
Bxg5 16.Nxg5 Nxe5 17.Nc5 Bc8 18.Qf1 Qe7 19.d4 Qxg5 20.dxe5 Qxe5 21.Rb1 
Qe3+ 22.Qf2 Qxf2+ 23.Kxf2 b6 24.Nd3 Ba6 25.Rh4 Bxd3 26.Bxd3 h6 27.g4 f6 
28.Rh5 Nd7 29.Kg3 Nc5 30.Bg6 Rad8 31.h4 Rd6 32.Rf1 d4 33.Bf5 d3 34.cxd3 
Nxd3 35.Rd1 Rfd8 36.g5 fxg5 37.hxg5 Nc5 38.Rdh1 g6 39.Rxh6 gxf5 40.Rh8+ 
Kf7 41.R8h7+ Ke6 42.Re1+ Kd5 43.Rxa7 Rg8 44.Rd1+ Ke5 45.Re7+ Re6 46.Rxe6+ 
Kxe6 47.Re1+ Ne4+ 0-1

[Event "R6R3 Foix / Luchon"]
[Site "Foix"]
[Date "2002.12.08"]
[Round "3.4"]
[White "SAINT-MARTIN, Olivier"]
[Black "MAUGE, Christian"]
[Result "0-1"]
[WhiteElo "1390"]
[BlackElo "1499"]
[PlyCount "120"]

1.e4 Na6 2.Nf3 b6 3.Nc3 Bb7 4.Bc4 e6 5.d3 Bb4 6.Be3 Bxc3+ 7.bxc3 d5 8.exd5
exd5 9.Qe2 Qe7 10.d4 dxc4 11.O-O Bd5 12.Ne5 h6 13.Nxc4 Qe4 14.f3 Bxc4 15.
Qf2 Qd5 {14} 16.Rfe1 O-O-O 17.Bf4 f6 18.Qg3 g5 19.Bd2 Kb7 20.h4 Bb5 21.
hxg5 hxg5 22.a4 Bc6 23.a5 b5 24.Qg4 Bd7 25.Qe4 Qxe4 26.fxe4 Re8 27.c4 Rxe4
28.Rxe4 Rh4 29.cxb5 Bxb5 30.Rb1 c6 31.d5 Rxe4 32.d6 Kc8 33.Rd1 Rd4 34.Re1 
Rxd2 35.Re8+ Kd7 36.Rxg8 Rxd6 37.g4 Rd1+ 38.Kf2 Rd2+ 39.Ke3 Rxc2 40.Rh8 
Ra2 41.Rh7+ Kd6 42.Rh6 Ke5 43.Rh1 Rxa5 44.Re1 c5 45.Kf3+ Kd4 46.Re4+ Kc3 
47.Re6 c4 48.Rxf6 Kb2 49.Kg2 c3 {0} 50.Rf2+ c2 51.Rxc2+ Kxc2 52.Kg3 Ra3+ 
53.Kf2 Kd2 54.Kg1 Ke1 55.Kg2 Bc6+ 56.Kh2 Rf3 57.Kg1 Be4 58.Kh1 Kf1 59.Kh2 
Nc5 60.Kh1 Rh3# 0-1

[Event "R6R3 Condom 3 / Albi 3"]
[Site "Condom"]
[Date "2002.12.08"]
[Round "3.2"]
[White "CLAUDE, Michel"]
[Black "FAVREAU, Maxime"]
[Result "1-0"]
[WhiteElo "1400"]
[BlackElo "1720"]
[PlyCount "87"]

1.d4 d5 2.Nf3 Nf6 3.c4 c6 4.Nc3 Bf5 5.Bf4 Nbd7 6.e3 e6 7.Qb3 Qc8 8.Be2 Be7
9.O-O O-O 10.Nh4 Be4 11.f3 Nh5 12.fxe4 Bxh4 13.Bxh5 Nf6 14.Bf3 g5 15.Be5 
Nd7 16.g3 Nxe5 17.dxe5 g4 18.Bxg4 Bg5 19.Rae1 Qc7 20.cxd5 cxd5 21.exd5 
Qxe5 22.dxe6 fxe6 23.Bxe6+ Kh8 24.e4 Bd2 25.Rxf8+ Rxf8 26.Rf1 Qd4+ 27.Kg2 
Rxf1 28.Kxf1 Qd3+ 29.Kg2 Bxc3 30.Qxc3+ Qxc3 31.bxc3 Kg7 32.e5 b6 33.a4 Kf8
34.Bd5 Ke7 35.Kf3 Kf8 36.Kf4 Kg7 37.Kf5 Kf8 38.Kf6 Ke8 39.e6 Kf8 40.Bc6 h5
41.e7+ Kg8 42.e8=Q+ Kh7 43.Qg6+ Kh8 44.Qg7# 1-0

[Event "R6R3 Rodez 2 / L'union"]
[Site "Rodez"]
[Date "2002.12.08"]
[Round "3.2"]
[White "PERROUX, Jacques"]
[Black "ARCHIMBEAUD, Alain"]
[Result "1-0"]
[WhiteElo "1650"]
[BlackElo "1499"]
[PlyCount "146"]

1.e4 e5 2.Nf3 Nc6 3.Bc4 Bc5 4.d3 h6 5.Be3 d6 6.h3 Bd7 7.a3 a6 8.O-O Nge7 
9.b4 Bb6 10.Bxb6 cxb6 11.Nc3 Ng6 12.Ne2 Qe7 13.Nd2 b5 14.Ba2 O-O-O 15.c4 
Na7 16.cxb5 Nxb5 17.Nc4 Kb8 18.Nb6 Bc6 19.f4 exf4 20.Nxf4 Nxf4 21.Rxf4 Qe5
22.Rxf7 Qd4+ 23.Kh2 Qxb6 24.Bc4 Nc3 25.Qc2 Qd4 26.Rc1 Qe5+ 27.Kg1 Na4 28.
Bxa6 Qd4+ 29.Kh1 Qb6 30.Bxb7 Bxb7 31.Qxa4 Rc8 32.Rxc8+ Rxc8 33.Rxg7 Rc1+ 
34.Kh2 Qg1+ 35.Kg3 Qe3+ 36.Kh2 Qf4+ 37.Rg3 Rc8 38.Qd1 Rg8 39.Qf3 Qe5 40.d4
Qe8 41.Rxg8 Qxg8 42.Qf4 Qg6 43.d5 h5 44.g4 hxg4 45.hxg4 Bc8 46.Kg3 Kb7 47.
g5 Qh5 48.Qh4 Qg6 49.Kf3 Qg7 50.Qf4 Qc3+ 51.Qe3 Qe5 52.a4 Qh2 53.a5 Qh3+ 
54.Ke2 Bg4+ 55.Kd2 Qg2+ 56.Kc3 Qf1 57.Qb6+ Kc8 58.Qc6+ Kd8 59.Qxd6+ Ke8 
60.Qe5+ Kd7 61.Qg7+ Kc8 62.Qf6 Qa1+ 63.Kc4 Be2+ 64.Kc5 Qc1+ 65.Kd4 Qd2+ 
66.Ke5 Qc3+ 67.Kf5 Qf3+ 68.Ke6 Qxe4+ 69.Kf7 Qh7+ 70.Kf8 Bb5 71.d6 Qd7 72.
Qe7 Qf5+ 73.Kg7 Bd7 1-0

[Event "R5"]
[Site "?"]
[Date "2002.12.08"]
[Round "3"]
[White "MAROUANI, Selim"]
[Black "SANTOUL, Pascal"]
[Result "0-1"]
[WhiteElo "1360"]
[BlackElo "1370"]
[EventDate "2002.??.??"]
[Annotator "Blayes-Colomiers"]
[PlyCount "88"]

1.e4 e5 2.Nf3 Nc6 3.Bb5 Nf6 4.Bxc6 dxc6 5.Nc3 Bd6 6.d3 h6 7.O-O Bg4 8.h3 
Bh5 9.g4 Bxg4 10.hxg4 Nxg4 11.Kg2 Qf6 12.Rh1 Qg6 13.Kf1 O-O-O 14.Nh4 Qe6 
15.Qf3 g6 {0} 16.Ke2 Rdg8 17.Rg1 h5 18.Bg5 f6 19.Be3 Nh2 20.Qg3 Ng4 21.Qh3
Be7 22.f3 f5 23.fxg4 hxg4 24.Qg2 Rxh4 25.exf5 gxf5 26.Rh1 f4 27.Bxf4 exf4+
28.Qe4 f3+ 29.Ke3 Qh6+ 30.Kf2 Rh2+ 31.Rxh2 Qxh2+ 32.Ke3 Bg5+ 33.Kd4 Qd6+ 
34.Kc4 Be7 35.d4 Qb4+ 36.Kd3 Qd6 37.Re1 Kd8 38.Qf5 Qg6 39.Qxg6 Rxg6 40.Ke3
Re6+ 41.Ne4 Bg5+ 42.Kf2 Bh4+ 43.Ke3 Bxe1 44.d5 f2 0-1